ბათუმის შოთა რუსთაველის სახელმწიფო უნივერსიტეტის ბიბლიოთეკა

Императив как речевая стратегия / (ბიბ.ჩანაწერი № 52157)

000 -LEADER
fixed length control field 01045nam a2200253Ia 4500
001 - CONTROL NUMBER
control field 19164
003 - CONTROL NUMBER IDENTIFIER
control field GE_BSU
005 - DATE AND TIME OF LATEST TRANSACTION
control field 20210415112028.0
008 - FIXED-LENGTH DATA ELEMENTS--GENERAL INFORMATION
fixed length control field 181216s2013||||ge |||||||||||||| ||geo||
040 ## - CATALOGING SOURCE
Transcribing agency GE_BSU
041 ## - LANGUAGE CODE
Language code of text/sound track or separate title geo
080 ## - UNIVERSAL DECIMAL CLASSIFICATION NUMBER
Universal Decimal Classification number 81 Г-58
100 ## - MAIN ENTRY--PERSONAL NAME
Personal name Гогитидзе, Лейла
9 (RLIN) 11365
245 ## - TITLE STATEMENT
Title Императив как речевая стратегия /
Statement of responsibility, etc. Лейла Гогитидзе; Научн. руков. Д. З. Гоциридзе; Батумский гос. ун-т им. Шота Руставели. Департамент грузинской филологии.
264 ## - PRODUCTION, PUBLICATION, DISTRIBUTION, MANUFACTURE, AND COPYRIGHT NOTICE
Place of production, publication, distribution, manufacture Батуми,
Date of production, publication, distribution, manufacture, or copyright notice 2013.
300 ## - PHYSICAL DESCRIPTION
Extent 137 გვ. ;
Other physical details 30 სმ.
653 ## - INDEX TERM--UNCONTROLLED
keyword Императив как речевая стратегия
653 ## - INDEX TERM--UNCONTROLLED
keyword Языкознание
653 ## - INDEX TERM--UNCONTROLLED
keyword დისერტაცია
653 ## - INDEX TERM--UNCONTROLLED
keyword Диссертация
653 ## - INDEX TERM--UNCONTROLLED
keyword ენათმეცნიერება
700 ## - ADDED ENTRY--PERSONAL NAME
Personal name Гоциридзе, Д. З.
Relator term Научн. руководитель
9 (RLIN) 10425
942 ## - ADDED ENTRY ELEMENTS (KOHA)
Koha item type წიგნი
Source of classification or shelving scheme
ეგზემპლარები
Withdrawn status Lost status Source of classification or shelving scheme Damaged status Not for loan Permanent Location Current Location Shelving location Date acquired Full call number Barcode Date last seen Copy number Price effective from Koha item type Public note
          ბათუმის შოთა რუსთაველის სახელმწიფო უნივერსიტეტის მთავარი ბიბლიოთეკა ბათუმის შოთა რუსთაველის სახელმწიფო უნივერსიტეტის მთავარი ბიბლიოთეკა წიგნსაცავი 2018-12-17 81 Г-58 198 დისერტ. 2018-12-17 198 2018-12-17 დისერტაცია